Obálka Náhled e-knihy:
Epub
Pro půjčování e-knih musíte být přihlášeni.
Jak si půjčit online?

Odhalení /

Významná islandská autorka se v románu Odhalení ukazuje jako mimořádně vnímavá pozorovatelka píšící s lehkostí o náročných, ale aktuálních tématech.

Uloženo v:
Hlavní autor: Kristín Eiríksdóttir, 1981- (Autor)
Další autoři: Zimmermannová, Lenka (Autor)
Médium: E-kniha
Jazyk:Czech
Vydáno: Praha : NLN, 2025
Vydání:Vydání první
Témata:
Tagy:
Žádné tagy
LEADER 02378nam a2200421 i 4500
001 301777
003 CZ PrSKC
005 20260505063214.0
007 ta
008 260226s2025 xr g 000 f cze
015 |a cnb003742823 
020 |a 9788074224287  |q (brožováno) 
040 |a ABG001  |b cze  |d OLA001  |e rda 
041 1 |a cze  |h ice 
072 7 |a 821.11  |x Germánské literatury  |2 Konspekt 
080 |a 821.113.3-31  |2 MRF 
080 |a (0:82-31)  |2 MRF 
100 0 |a Kristín Eiríksdóttir,  |d 1981-  |7 xx0342066  |4 aut 
240 1 0 |a Tól.  |l Česky 
245 1 0 |a Odhalení /  |c Kristín Eiríksdóttir ; přeložila Lenka Zimmermannová 
250 |a Vydání první 
264 1 |a Praha :  |b NLN,  |c 2025 
300 |a 283 stran ;  |c 20 cm 
336 |a text  |b txt  |2 rdacontent 
337 |a bez média  |b n  |2 rdamedia 
338 |a svazek  |b nc  |2 rdacarrier 
500 |a Přeloženo z islandštiny 
520 2 |a Významná islandská autorka se v románu Odhalení ukazuje jako mimořádně vnímavá pozorovatelka píšící s lehkostí o náročných, ale aktuálních tématech.  |b Na filmovém festivalu ve Stockholmu uvádí debutující dokumentaristka Villa svůj film o mladém lovci velryb, který před devíti lety zemřel. Při zodpovídání dotazů z publika se začne ukazovat, že jeho život nejspíš nebyl takový, jak jej dokument líčí, a čtenáři se odkrývá mladíkova tíživá minulost. A nejen ta. Autorka v kompozičně propracovaném románu, který byl nominován na několik významných cen, proniká hluboko do nitra svých postav i otázek limitů uměleckého vyjádření - aniž by přitom ztratila vypravěčskou pronikavost a suverenitu. Nakladatelská anotace. Kráceno. 
655 7 |a islandské romány  |7 fd183383  |2 czenas 
655 9 |a Icelandic fiction  |2 eczenas 
700 1 |a Zimmermannová, Lenka  |4 trl 
710 2 |a Lidové noviny (nakladatelství)  |7 ko2003165011  |4 pbl 
900 |a ABA001  |b 20 
928 9 |a Nakladatelství Lidové noviny 
044 |a xr 
910 |a RBIT002 
998 |d 426625  |a https://core.palmknihy.cz/api/books/426625/cover?teigq7  |b https://core.palmknihy.cz/api/books/426625/cover/400?teigq7  |c https://core.palmknihy.cz/api/books/426625/cover/50?teigq7  |e   |g 284  |i 9788074224287  |j https://core.palmknihy.cz/api/books/426625/preview.epub  |l   |q 49  |r 1  |s https://www.palmknihy.cz/kniha/426625  |t ebook  |y 2025  |z 0 
999 |d 301775